ბათუმის შოთა რუსთაველის სახელმწიფო უნივერსიტეტის ბიბლიოთეკა

აღმოსავლეთი და კავკასია. ВОСТОК И КАВКАЗ.THE EAST AND CAUCASUS #2.2004. (ბიბ.ჩანაწერი № 56289)

000 -LEADER
fixed length control field 00737nam a2200205Ia 4500
001 - CONTROL NUMBER
control field 23402
003 - CONTROL NUMBER IDENTIFIER
control field GE_BSU
008 - FIXED-LENGTH DATA ELEMENTS--GENERAL INFORMATION
fixed length control field 181216s||||||||xx |||||||||||||| ||und||
040 ## - CATALOGING SOURCE
Transcribing agency GE_BSU
245 ## - TITLE STATEMENT
Title აღმოსავლეთი და კავკასია. ВОСТОК И КАВКАЗ.THE EAST AND CAUCASUS #2.2004.
245 ## - TITLE STATEMENT
Statement of responsibility, etc. რედ:ლევან კაჭარავა და სხვა.
260 ## - PUBLICATION, DISTRIBUTION, ETC.
Place of publication, distribution, etc. თბილისი
260 ## - PUBLICATION, DISTRIBUTION, ETC.
Name of publisher, distributor, etc. გამ-ბა "საარი
260 ## - PUBLICATION, DISTRIBUTION, ETC.
Date of publication, distribution, etc. 2003.
300 ## - PHYSICAL DESCRIPTION
Extent 257გვ;29სმ;
653 ## - INDEX TERM--UNCONTROLLED
Uncontrolled term აღმოსავლეთი და კავკასია #2.2004.
653 ## - INDEX TERM--UNCONTROLLED
Uncontrolled term ისტორია
653 ## - INDEX TERM--UNCONTROLLED
Uncontrolled term პერიოდიკა
942 ## - ADDED ENTRY ELEMENTS (KOHA)
Koha item type პერიოდიკა
ეგზემპლარები
Withdrawn status Lost status Damaged status Not for loan Date acquired Barcode Date last seen Price effective from Koha item type Public note
        2018-12-17 P79645 2018-12-17 2018-12-17 პერიოდიკა პერიოდიკა